| 000 | 00555nam a2200157 a 4500 | ||
|---|---|---|---|
| 001 | 000032267 | ||
| 005 | 20200930063554.0 | ||
| 008 | 110406s1915 dr ac 000 0 spa d | ||
| 040 |
_aDO-SdBNP _bspa _cBNPHU |
||
| 082 |
_axxx _bR426m |
||
| 110 | 1 |
_aRepública Dominicna _958310 |
|
| 245 | 1 | 0 | _aMensaje que el ciudadano presidente de la República Señor Don juan Isidro Jimenes, dirije al Hon. Congreso Nacional al abrirse la Legislatura Ordinaria de 1915. |
| 260 |
_aSanto Domingo : _bListín Diario, _c1915. |
||
| 300 |
_a20 p. ; _c28 cm. |
||
| 049 | _aBNPD | ||
| 999 |
_c31758 _d31758 |
||